| 000 | 00588 a2200229 4500 | ||
|---|---|---|---|
| 260 | _aParis | ||
| 630 | _a33 - Economie. Economie politique | ||
| 037 | _b1, Achat | ||
| 650 | _a3 - SCIENCES SOCIALES | ||
| 260 | _bEditions Sociales | ||
| 245 | _aSur les sociétés précapitalistes : textes choisis de Marx, Engels, Lénine | ||
| 300 | _a414 p. | ||
| 650 | _aCapitalisme | ||
| 260 | _c1973 | ||
| 300 | _b22 cm | ||
| 100 | _lFr | ||
| 110 | _aCENTRE D'ETUDES ET DE RECHERCHES MARXISTES | ||
| 037 | _aDE 4837 | ||
| 650 | _aSociété capitaliste | ||
| 999 |
_c38580 _d38580 |
||